Normal view
MARC view
- Theodoridis, Sergios , Koutroumbas, Konstantionos
Entry Personal Name
001 - CONTROL NUMBER
- control field: 68312
003 - CONTROL NUMBER IDENTIFIER
- control field: NUST
005 - DATE AND TIME OF LATEST TRANSACTION
- control field: 20210628204026.0
008 - FIXED-LENGTH DATA ELEMENTS
- fixed length control field: 210628|| aca||aabn | a|a d
040 ## - CATALOGING SOURCE
- Original cataloging agency: NUST
- Transcribing agency: NUST
100 ## - HEADING--PERSONAL NAME
- Personal name: Theodoridis, Sergios , Koutroumbas, Konstantionos
670 ## - SOURCE DATA FOUND
- Source citation: Work cat.: (NUST): Theodoridis, Sergios , Koutroumbas, Konstantionos, An introduction to pattern recognition a matlab approach, 2010
